| 000 | 00601nam a2200217Ia 4500 | ||
|---|---|---|---|
| 003 | IN-BaIIA | ||
| 008 | 211028s9999 xx 000 0 eng d | ||
| 020 | _a0-486-68014-2 | ||
| 040 | _cIIA Library | ||
| 080 |
_a519.4 _bISA |
||
| 100 |
_aIsaacs, I. Martin _926078 |
||
| 245 | 0 |
_aCharacter theory of finite groups _cI. Martin Isaacs |
|
| 260 |
_aNew York _bDover Publications _c1994 |
||
| 300 | _axii, 303p. | ||
| 650 |
_aAlgebra _91494 |
||
| 650 |
_aChararcters _926079 |
||
| 650 |
_aGroup representation _926080 |
||
| 650 |
_aIntegrality _926081 |
||
| 650 |
_aLinera groups _926082 |
||
| 942 | _cBK | ||
| 999 |
_c14632 _d14632 |
||